[Event "Bundesliga 1920"]
[Site "Germany"]
[Date "2020.02.22"]
[Round "7.7"]
[White "Urban, Konstantin"]
[Black "Meessen, Rudolf"]
[Result "1-0"]
[WhiteElo "2313"]
[BlackElo "2234"]
[PlyCount "152"]
[EventDate "2019.11.23"]
[EventType "team-tourn"]
[EventRounds "15"]
[EventCountry "GER"]
[SourceTitle "CBM 195 Extra"]
[Source "ChessBase"]
[SourceDate "2020.05.31"]
[SourceVersion "1"]
[SourceVersionDate "2020.05.31"]
[SourceQuality "1"]
[WhiteTeam "Dresden TU"]
[BlackTeam "Aachen"]
[WhiteTeamCountry "GER"]
[BlackTeamCountry "GER"]

1. e4 e5 2. Nf3 d6 3. d4 exd4 4. Nxd4 Nf6 5. Nc3 Be7 6. Bf4 0-0 7. Be2 Re8 8. Qd2 Nc6 9. 0-0-0 Nxd4 10. Qxd4 Be6 11. Bf3 Nd7 12. Nd5 Bxd5 13. Qxd5 Bf6 14. Kb1 Bxb2 15. Kxb2 Qf6+ 16. e5 Qxf4 17. exd6 c5 18. Qd2 Qf6+ 19. Qc3 Re5 20. Rhe1 Rd8 21. Rxe5 Nxe5 22. Rd5 Nc4+ 23. Kb3 Qxc3+ 24. Kxc3 Nxd6 25. Rxc5 b6 26. Rd5 Kf8 27. Kb3 Ke7 28. c3 g6 29. Rd4 f5 30. h4 Kd7 31. g4 Re8 32. h5 Re5 33. hxg6 hxg6 34. gxf5 gxf5 35. Ra4 a5 36. Rh4 Re1 37. Bd5 Re2 38. Rh7+ Re7 39. Bc6+ Kd8 40. Rh6 Kc7 41. Bd5 b5 42. a4 Re5 43. Bh1 bxa4+ 44. Kxa4 Kd7 45. Rh7+ Ke6 46. Rh6+ Ke7 47. Rh7+ Kf8 48. Rc7 Nb5 49. Rc8+ Ke7 50. f4 Re1 51. Kxb5 Rxh1 52. Kxa5 Rf1 53. Rc4 Kd6 54. Kb5 Re1 55. Rd4+ Ke6 56. Kc5 Re3 57. c4 Re1 58. Kb4 Rb1+ 59. Kc3 Rc1+ 60. Kd2 Rf1 61. c5 Ra1 62. Kc3 Rc1+ 63. Kb4 Ra1 64. c6 Rb1+ 65. Kc5 Rc1+ 66. Kb6 Rb1+ 67. Ka7 Rc1 68. Kb7 Rb1+ 69. Kc8 Ke7 70. c7 Rb5 71. Rd7+ Ke8 72. Rd3 Rb4 73. Re3+ Kf7 74. Kd7 Rd4+ 75. Kc6 Rc4+ 76. Kd6 Rc1 1-0

[Event "Oberliga Ost-A 1819"]
[Site "Germany"]
[Date "2018.12.16"]
[Round "5.2"]
[White "Urban, Konstantin"]
[Black "Pietzsch, Manuel"]
[Result "1/2-1/2"]
[WhiteElo "2279"]
[BlackElo "2176"]
[PlyCount "36"]
[EventDate "2018.10.21"]
[EventType "team-tourn"]
[EventRounds "11"]
[EventCountry "GER"]
[SourceTitle "EXT 2020"]
[Source "ChessBase"]
[SourceDate "2019.10.17"]
[SourceVersion "1"]
[SourceVersionDate "2019.10.17"]
[SourceQuality "1"]
[WhiteTeam "Dresden USV TU II"]
[BlackTeam "Leipzig SG"]
[WhiteTeamCountry "GER"]
[BlackTeamCountry "GER"]

1. e4 c5 2. Nf3 Nc6 3. d4 cxd4 4. Nxd4 Nf6 5. Nc3 e5 6. Ndb5 d6 7. Bg5 a6 8. Na3 b5 9. Nd5 Be7 10. Bxf6 Bxf6 11. g3 Bg5 12. Bg2 0-0 13. c3 Ne7 14. 0-0 Be6 15. Nxe7+ Qxe7 16. Qe2 Rab8 17. Rfd1 f5 18. exf5 Rxf5 1/2-1/2

[Event "Oberliga Ost-A 1819"]
[Site "Germany"]
[Date "2018.12.15"]
[Round "4.2"]
[White "Schunk, Thomas"]
[Black "Urban, Konstantin"]
[Result "0-1"]
[WhiteElo "2155"]
[BlackElo "2279"]
[PlyCount "92"]
[EventDate "2018.10.21"]
[EventType "team-tourn"]
[EventRounds "11"]
[EventCountry "GER"]
[SourceTitle "EXT 2020"]
[Source "ChessBase"]
[SourceDate "2019.10.17"]
[SourceVersion "1"]
[SourceVersionDate "2019.10.17"]
[SourceQuality "1"]
[WhiteTeam "Leipzig SG II"]
[BlackTeam "Dresden USV TU II"]
[WhiteTeamCountry "GER"]
[BlackTeamCountry "GER"]

1. c4 Nf6 2. Nc3 g6 3. g3 Bg7 4. Bg2 0-0 5. d4 d6 6. Nf3 c5 7. 0-0 Nc6 8. dxc5 dxc5 9. Be3 Qa5 10. Qa4 Qxa4 11. Nxa4 b6 12. Rfd1 Bd7 13. Nc3 Rac8 14. h3 Rfd8 15. g4 Na5 16. g5 Ne8 17. Nd5 Kf8 18. b3 Bxa1 19. Rxa1 Bc6 20. Ne5 Ba8 21. Rc1 Nc6 22. Nd3 Nd4 23. Bxd4 cxd4 24. Rd1 b5 25. Ne5 bxc4 26. bxc4 f6 27. gxf6 exf6 28. Nd3 Rxc4 29. N5f4 Bxg2 30. Kxg2 Kf7 31. Rb1 Rd7 32. Kf3 Ng7 33. Rb5 g5 34. Nd5 Ne6 35. Ra5 Nd8 36. N5b4 Nc6 37. Nxc6 Rxc6 38. h4 h6 39. hxg5 hxg5 40. Ra4 Rc2 41. a3 Kg6 42. Rb4 Rd5 43. Ke4 Ra5 44. Kxd4 Rxe2 45. a4 Ra2 46. Nb2 Ra6 0-1

[Event "Youth District Germany"]
[Site "Wuerzburg"]
[Date "2018.10.07"]
[Round "7.2"]
[White "Urban, Konstantin"]
[Black "Browning, Alex"]
[Result "1-0"]
[WhiteElo "2279"]
[BlackElo "2148"]
[PlyCount "75"]
[EventDate "2018.10.02"]
[EventType "team-swiss"]
[EventRounds "7"]
[EventCountry "GER"]
[SourceTitle "CBM 186 Extra"]
[Source "ChessBase"]
[SourceDate "2018.08.24"]
[SourceVersion "1"]
[SourceVersionDate "2018.08.24"]
[SourceQuality "1"]
[WhiteTeam "Sachsen U20"]
[BlackTeam "Nordrhein Westfalen U20"]
[WhiteTeamCountry "GER"]
[BlackTeamCountry "GER"]

1. e4 c5 2. Nf3 d6 3. d4 cxd4 4. Nxd4 Nf6 5. Nc3 a6 6. Bg5 e6 7. f4 h6 8. Bh4 Qb6 9. a3 Be7 10. Bf2 Qc7 11. Be2 b5 12. Bf3 Bb7 13. Qe2 Nbd7 14. 0-0-0 0-0 15. g4 d5 16. e5 Ne4 17. Nxe4 dxe4 18. Bxe4 Bxe4 19. Qxe4 Rfc8 20. h4 b4 21. axb4 Bxb4 22. Rh3 Nc5 23. Qe2 a5 24. Kb1 a4 25. Qc4 a3 26. Qxb4 axb2 27. Ra3 Ne4 28. Be1 Rab8 29. Qa5 Qc4 30. Qa6 Qd5 31. Qd3 Nc5 32. Qf3 Rd8 33. Qxd5 Rxd5 34. Ra2 Rbd8 35. c3 Rc8 36. Kxb2 Nb7 37. Kc2 Na5 38. Nf5 1-0

[Event "Youth District Germany"]
[Site "Wuerzburg"]
[Date "2018.10.04"]
[Round "3.2"]
[White "Urban, Konstantin"]
[Black "Fromm, Marius"]
[Result "1/2-1/2"]
[WhiteElo "2279"]
[BlackElo "2022"]
[PlyCount "91"]
[EventDate "2018.10.02"]
[EventType "team-swiss"]
[EventRounds "7"]
[EventCountry "GER"]
[SourceTitle "CBM 186 Extra"]
[Source "ChessBase"]
[SourceDate "2018.08.24"]
[SourceVersion "1"]
[SourceVersionDate "2018.08.24"]
[SourceQuality "1"]
[WhiteTeam "Sachsen U20"]
[BlackTeam "Mecklenburg-Vorpommern U20"]
[WhiteTeamCountry "GER"]
[BlackTeamCountry "GER"]

1. e4 e5 2. Nf3 Nc6 3. Bb5 a6 4. Ba4 Nf6 5. 0-0 Be7 6. d3 b5 7. Bb3 d6 8. a4 Bd7 9. Nc3 Na5 10. Ba2 b4 11. Ne2 0-0 12. Nd2 Qc8 13. f4 Be6 14. Nf3 Bxa2 15. Rxa2 Re8 16. b3 Nd7 17. Qe1 c5 18. Qg3 Nc6 19. Nh4 Bxh4 20. Qxh4 Nd4 21. Ng3 Qd8 22. Qh3 f6 23. Be3 Nf8 24. fxe5 dxe5 25. Rf2 Nfe6 26. Nh5 Ra7 27. Ra1 Rf7 28. Raf1 Qe7 29. Qg4 Kh8 30. h4 Ref8 31. Qh3 a5 32. g4 Kg8 33. Ng3 Qd7 34. Nf5 Nxf5 35. gxf5 Nd4 36. Kh2 Re8 37. Rg1 Kf8 38. Rfg2 Rc8 39. Qg4 Rc7 40. Qh5 Kg8 41. Qd1 Kf8 42. h5 h6 43. Bf2 Ke8 44. Bh4 Rb7 45. Rg6 Qe7 46. R6g3 1/2-1/2

[Event "Youth District Germany"]
[Site "Wuerzburg"]
[Date "2018.10.03"]
[Round "2.2"]
[White "Joeres, Stefan"]
[Black "Urban, Konstantin"]
[Result "0-1"]
[WhiteElo "2039"]
[BlackElo "2279"]
[PlyCount "66"]
[EventDate "2018.10.02"]
[EventType "team-swiss"]
[EventRounds "7"]
[EventCountry "GER"]
[SourceTitle "CBM 186 Extra"]
[Source "ChessBase"]
[SourceDate "2018.08.24"]
[SourceVersion "1"]
[SourceVersionDate "2018.08.24"]
[SourceQuality "1"]
[WhiteTeam "Baden U20 II"]
[BlackTeam "Sachsen U20"]
[WhiteTeamCountry "GER"]
[BlackTeamCountry "GER"]

1. e4 c5 2. Nf3 d6 3. d4 cxd4 4. Nxd4 Nf6 5. Nc3 a6 6. a3 g6 7. Be2 Bg7 8. Be3 0-0 9. 0-0 Bd7 10. f4 Nc6 11. Nxc6 Bxc6 12. Bf3 Qc7 13. a4 Qa5 14. Nd5 Nxd5 15. exd5 Bxa4 16. b3 Qc3 17. Rxa4 Qxe3+ 18. Kh1 b5 19. Re4 Qa7 20. Qe2 Bf6 21. g4 h6 22. Rg1 Qc7 23. Rg2 Kg7 24. Re3 Rfb8 25. g5 hxg5 26. fxg5 Be5 27. Be4 Rh8 28. Rf3 Raf8 29. Qf1 Rh4 30. Rgf2 f5 31. gxf6+ exf6 32. Bd3 Rfh8 33. h3 Qd7 0-1

[Event "EU-chT U18"]
[Site "Bad Blankenburg"]
[Date "2018.07.16"]
[Round "5.3"]
[White "Urban, Konstantin"]
[Black "Parkhov, Yair"]
[Result "0-1"]
[WhiteElo "2325"]
[BlackElo "2364"]
[PlyCount "136"]
[EventDate "2018.07.12"]
[EventType "team-swiss"]
[EventRounds "7"]
[EventCountry "GER"]
[SourceTitle "CBM 185 Extra"]
[Source "ChessBase"]
[SourceDate "2018.07.29"]
[SourceVersion "1"]
[SourceVersionDate "2018.07.29"]
[SourceQuality "1"]
[WhiteTeam "Germany U18 II"]
[BlackTeam "Israel U18"]
[WhiteTeamCountry "GER"]
[BlackTeamCountry "ISR"]

1. e4 c6 2. d4 d5 3. Nd2 dxe4 4. Nxe4 Nf6 5. Nxf6+ exf6 6. c3 Bd6 7. Bd3 0-0 8. Qc2 Re8+ 9. Ne2 h5 10. Be3 Nd7 11. 0-0-0 Nf8 12. Kb1 Be6 13. Nf4 Bxf4 14. Bxf4 Ng6 15. Be3 Qd5 16. c4 Qd7 17. Ka1 Ne7 18. h3 b5 19. cxb5 cxb5 20. Qc5 Qd5 21. Qxd5 Bxd5 22. Bxb5 Reb8 23. Be2 Bxg2 24. Rhg1 Be4 25. Bxh5 Nc6 26. Rc1 Nb4 27. Be2 a5 28. Bd1 Rb7 29. Bd2 Nd3 30. Bc2 Nxf2 31. Rcf1 Bxc2 32. Rxf2 Bg6 33. h4 Rb5 34. Rc1 Rd5 35. Rf4 Rad8 36. b3 a4 37. Rc4 axb3 38. axb3 Bd3 39. Rc5 Rxd4 40. Rc8 R4d7 41. Rxd8+ Rxd8 42. Bc3 Rc8 43. Kb2 f5 44. Rd4 Be4 45. b4 Rb8 46. Kc1 f6 47. Kd2 Kh7 48. Rd7 Kh6 49. Ke1 Rb6 50. Kf2 g5 51. Bd4 Ra6 52. b5 Ra2+ 53. Ke3 gxh4 54. b6 h3 55. b7 Ra3+ 56. Kf2 Rb3 57. Rd8 Bxb7 58. Rh8+ Kg7 59. Rh4 Bg2 60. Be3 Rb2+ 61. Kg1 Re2 62. Bf4 Re8 63. Kf2 Re4 64. Kg1 Kf7 65. Kf2 Ke6 66. Kg3 Rc4 67. Rh8 Rc3+ 68. Kf2 Rf3+ 0-1

[Event "EU-chT U18"]
[Site "Bad Blankenburg"]
[Date "2018.07.13"]
[Round "2.3"]
[White "Urban, Konstantin"]
[Black "Stoleriu, George"]
[Result "1/2-1/2"]
[WhiteElo "2325"]
[BlackElo "2347"]
[PlyCount "111"]
[EventDate "2018.07.12"]
[EventType "team-swiss"]
[EventRounds "7"]
[EventCountry "GER"]
[SourceTitle "CBM 185 Extra"]
[Source "ChessBase"]
[SourceDate "2018.07.29"]
[SourceVersion "1"]
[SourceVersionDate "2018.07.29"]
[SourceQuality "1"]
[WhiteTeam "Germany U18 II"]
[BlackTeam "Romania U18"]
[WhiteTeamCountry "GER"]
[BlackTeamCountry "ROU"]

1. d4 e6 2. c4 Bb4+ 3. Nc3 f5 4. Bd2 Nf6 5. Nf3 0-0 6. g3 b6 7. Bg2 Bb7 8. 0-0 Bxc3 9. Bxc3 Ne4 10. Qc2 Nxc3 11. Qxc3 Qf6 12. c5 Be4 13. cxb6 cxb6 14. Ne5 Bxg2 15. Kxg2 Qd8 16. Rac1 d6 17. Nd3 Nd7 18. Qb4 Nf6 19. Rc6 Ne4 20. f3 Qd7 21. Rfc1 Nc5 22. Qb5 Nxd3 23. Qxd3 Rac8 24. Qc3 Rxc6 25. Qxc6 Rd8 26. Qxd7 Rxd7 27. Kf2 Kf7 28. b4 b5 29. e4 fxe4 30. fxe4 Ke7 31. Ke3 Rd8 32. Rc7+ Rd7 33. Rc6 Rd8 34. h4 Rd7 35. h5 Rd8 36. Kf4 h6 37. Kg4 Rd7 38. Kf4 Rd8 39. d5 Rf8+ 40. Kg4 Rd8 41. Rc7+ Rd7 42. Rc8 a5 43. bxa5 Ra7 44. Rb8 Rxa5 45. Rb7+ Kf6 46. dxe6 Rxa2 47. e7 Ra8 48. Rd7 Re8 49. Rxd6+ Ke5 50. Rd7 Kxe4 51. Rb7 Ke5 52. Rxb5+ Kf6 53. Rb6+ Kxe7 54. Kf5 Kf7 55. Rb7+ Re7 56. Rb6 1/2-1/2

[Event "GER-chT Lands U20"]
[Site "Hannover"]
[Date "2017.10.04"]
[Round "7.2"]
[White "Urban, Konstantin"]
[Black "Heinemann, Josefine"]
[Result "1/2-1/2"]
[WhiteElo "2272"]
[BlackElo "2290"]
[PlyCount "155"]
[EventDate "2017.09.29"]
[EventType "team-swiss"]
[EventRounds "7"]
[EventCountry "GER"]
[SourceTitle "EXT 2018"]
[Source "ChessBase"]
[SourceDate "2017.10.13"]
[SourceVersion "1"]
[SourceVersionDate "2017.10.13"]
[SourceQuality "1"]
[WhiteTeam "Sachsen U20"]
[BlackTeam "Baden U20"]
[WhiteTeamCountry "GER"]
[BlackTeamCountry "GER"]

1. e4 e5 2. Nf3 Nc6 3. Bb5 a6 4. Ba4 Nf6 5. 0-0 Nxe4 6. d4 b5 7. Bb3 d5 8. dxe5 Be6 9. Nbd2 Nc5 10. c3 Be7 11. Bc2 d4 12. Nb3 d3 13. Bb1 Nxb3 14. axb3 Bf5 15. Re1 0-0 16. b4 a5 17. bxa5 Rxa5 18. Rxa5 Nxa5 19. Nd4 Bg6 20. Bxd3 Bxd3 21. Qxd3 c5 22. Qxb5 cxd4 23. Bd2 Qb8 24. Qxa5 Qxb2 25. cxd4 Qxd4 26. Qc3 Bc5 27. Qxd4 Bxd4 28. Kf1 Re8 29. f4 f6 30. e6 f5 31. Bb4 Bf6 32. g3 g6 33. Re3 Kg7 34. Kg2 Be7 35. Ba5 Bd8 36. Bc3+ Bf6 37. Bb4 Be7 38. Bd2 Bf6 39. Kf3 Ba1 40. Ra3 Bd4 41. Ra4 Bb2 42. Rb4 Ba1 43. Rb7+ Kf6 44. Rxh7 Kxe6 45. Ra7 Bd4 46. Ra6+ Kf7 47. Rd6 Bf6 48. Rd7+ Re7 49. Rd3 Re8 50. Be3 Rd8 51. Rb3 Bd4 52. Bxd4 Rxd4 53. h3 Rd7 54. g4 fxg4+ 55. hxg4 Ra7 56. Kg3 Ra4 57. Rb7+ Kf8 58. Kf3 Rc4 59. Rd7 Ra4 60. Rd5 Kf7 61. Rd7+ Kf8 62. g5 Rb4 63. Ke3 Ra4 64. Rd4 Ra7 65. Rc4 Kf7 66. Ke4 Rb7 67. Kd5 Ra7 68. Kd6 Ra6+ 69. Ke5 Ra5+ 70. Ke4 Ra7 71. Rd4 Rb7 72. Rd6 Rb4+ 73. Ke5 Rb5+ 74. Rd5 Rb7 75. Kd6 Rb4 76. Ke5 Rb7 77. Rd4 Ra7 78. Rd5 1/2-1/2

[Event "Anogia Capablanca 2nd"]
[Site "Anogia"]
[Date "2017.09.15"]
[Round "5"]
[White "Xylogiannopoulos, Antonios"]
[Black "Urban, Konstantin"]
[Result "1/2-1/2"]
[WhiteElo "2279"]
[BlackElo "2303"]
[PlyCount "67"]
[EventDate "2017.09.11"]
[EventType "tourn"]
[EventRounds "9"]
[EventCountry "GRE"]
[SourceTitle "CBM 180 Extra"]
[Source "ChessBase"]
[SourceDate "2017.10.06"]
[SourceVersion "1"]
[SourceVersionDate "2017.10.06"]
[SourceQuality "1"]

1. e4 c5 2. c3 Nf6 3. e5 Nd5 4. d4 cxd4 5. Nf3 e6 6. cxd4 d6 7. Bc4 Nc6 8. 0-0 Be7 9. Qe2 0-0 10. Nc3 Nxc3 11. bxc3 dxe5 12. dxe5 b6 13. Qe4 Qc7 14. Bd3 g6 15. Bh6 Rd8 16. Rad1 Rd5 17. c4 Rd7 18. Qf4 Bb7 19. Be4 Rxd1 20. Rxd1 Rd8 21. Re1 Rd7 22. h4 Bd8 23. h5 Na5 24. hxg6 hxg6 25. Bxb7 Nxb7 26. Ng5 Nc5 27. Qh4 Nd3 28. Bg7 Kxg7 29. Qh7+ Kf8 30. Qh8+ Ke7 31. Qf6+ Ke8 32. Qh8+ Ke7 33. Qf6+ Ke8 34. Qh8+ 1/2-1/2

[Event "Anogia Capablanca 2nd"]
[Site "Anogia"]
[Date "2017.09.13"]
[Round "3"]
[White "Urban, Konstantin"]
[Black "Favarel, Antoine"]
[Result "1/2-1/2"]
[WhiteElo "2303"]
[BlackElo "2357"]
[PlyCount "81"]
[EventDate "2017.09.11"]
[EventType "tourn"]
[EventRounds "9"]
[EventCountry "GRE"]
[SourceTitle "CBM 180 Extra"]
[Source "ChessBase"]
[SourceDate "2017.10.06"]
[SourceVersion "1"]
[SourceVersionDate "2017.10.06"]
[SourceQuality "1"]

1. e4 c5 2. Nf3 Nc6 3. d4 cxd4 4. Nxd4 g6 5. c4 Bg7 6. Be3 Nf6 7. Nc3 Ng4 8. Qxg4 Nxd4 9. Qd1 e5 10. Be2 d6 11. 0-0 0-0 12. Qd2 Be6 13. Rfd1 a6 14. Bf1 Rc8 15. Ne2 Nxe2+ 16. Bxe2 Rc6 17. c5 Qc8 18. cxd6 Rd8 19. Rac1 Bf8 20. Qa5 Rdxd6 21. Qxe5 Rxc1 22. Rxc1 Qd8 23. b3 Bg7 24. Qg5 Bf6 25. Qf4 Bd4 26. Rd1 Be5 27. Qf3 Rxd1+ 28. Bxd1 Qd3 29. Bh6 Qd8 30. Be3 h5 31. h3 Qd3 32. Bg5 Qb1 33. Qe2 f6 34. Be3 g5 35. Qc2 Qa1 36. Kf1 b5 37. Ke2 b4 38. Kf1 h4 39. Bd2 a5 40. Ke1 Kf7 41. Ke2 1/2-1/2

[Event "Lueneburg IM"]
[Site "Lueneburg"]
[Date "2017.07.11"]
[Round "4"]
[White "Genov, Petar"]
[Black "Urban, Konstantin"]
[Result "1-0"]
[WhiteElo "2458"]
[BlackElo "2332"]
[PlyCount "71"]
[EventDate "2017.07.08"]
[EventType "tourn"]
[EventRounds "9"]
[EventCountry "GER"]
[EventCategory "2"]
[SourceTitle "CBM 179 Extra"]
[Source "ChessBase"]
[SourceDate "2017.08.23"]
[SourceVersion "1"]
[SourceVersionDate "2017.08.23"]
[SourceQuality "1"]

1. c4 Nf6 2. g3 g6 3. Bg2 Bg7 4. Nc3 0-0 5. e3 d6 6. Nge2 c5 7. 0-0 Nc6 8. b3 a6 9. Bb2 Bd7 10. d4 Rb8 11. dxc5 dxc5 12. Na4 b6 13. Nf4 Na5 14. Be5 Rc8 15. Bxf6 Bxf6 16. Nxb6 Qxb6 17. Qxd7 Bxa1 18. Nd5 Qd8 19. Qxc8 Qd6 20. Qg4 Bg7 21. Rd1 Qe5 22. Qd7 e6 23. Nb6 Qb2 24. Qd2 Qa3 25. Bf3 Bb2 26. Rb1 Be5 27. Qc2 Rd8 28. Na4 Kg7 29. Kg2 Qb4 30. Rd1 Rxd1 31. Qxd1 Qa3 32. Qd7 h5 33. Qe7 Nxc4 34. Nxc5 Bd6 35. Nxe6+ Kh6 36. Qxf7 1-0

[Event "Lueneburg IM"]
[Site "Lueneburg"]
[Date "2017.07.08"]
[Round "1"]
[White "Urban, Konstantin"]
[Black "Lubbe, Melanie"]
[Result "1/2-1/2"]
[WhiteElo "2332"]
[BlackElo "2275"]
[PlyCount "113"]
[EventDate "2017.07.08"]
[EventType "tourn"]
[EventRounds "9"]
[EventCountry "GER"]
[EventCategory "2"]
[SourceTitle "CBM 179 Extra"]
[Source "ChessBase"]
[SourceDate "2017.08.23"]
[SourceVersion "1"]
[SourceVersionDate "2017.08.23"]
[SourceQuality "1"]

1. e4 e5 2. Nf3 Nc6 3. Bb5 a6 4. Ba4 Nge7 5. Nc3 g6 6. d4 exd4 7. Nd5 Bg7 8. Bg5 h6 9. Bf6 Bxf6 10. Nxf6+ Kf8 11. Nxd4 Kg7 12. Qd2 Ng8 13. Nxg8 Rxg8 14. 0-0 Qf6 15. Nxc6 dxc6 16. c3 Be6 17. Qe3 Rad8 18. Bc2 Bc4 19. Rfe1 Rd7 20. b3 Be6 21. h3 Rgd8 22. Re2 g5 23. Rae1 b6 24. e5 Qf4 25. Qxf4 gxf4 26. Be4 c5 27. Kh2 a5 28. c4 Rd1 29. Rxd1 Rxd1 30. g3 fxg3+ 31. Kxg3 Rc1 32. Re3 a4 33. f4 Rf1 34. Bd3 Rg1+ 35. Kh4 axb3 36. axb3 f5 37. Rg3+ Rxg3 38. Kxg3 Bd7 39. Kf2 Kf7 40. Be2 Ke7 41. Ke3 Kf7 42. Bf3 Ke7 43. Bd5 Be8 44. Bf3 Bd7 45. Kd2 Be8 46. Kc3 Ke6 47. Bd1 Ke7 48. Bc2 Ke6 49. b4 cxb4+ 50. Kxb4 c5+ 51. Ka3 Bc6 52. Ba4 Bb7 53. Be8 Ke7 54. Bg6 Bc8 55. Bh5 Bb7 56. Ka4 Bc6+ 57. Kb3 1/2-1/2

[Event "GER-ch U18"]
[Site "Willingen"]
[Date "2017.06.09"]
[Round "8"]
[White "Urban, Konstantin"]
[Black "Pallas, Sebastian"]
[Result "1/2-1/2"]
[WhiteElo "2377"]
[BlackElo "2199"]
[PlyCount "78"]
[EventDate "2017.06.04"]
[EventType "swiss"]
[EventRounds "9"]
[EventCountry "GER"]
[SourceTitle "CBM 178 Extra"]
[Source "ChessBase"]
[SourceDate "2017.06.22"]
[SourceVersion "1"]
[SourceVersionDate "2017.06.22"]
[SourceQuality "1"]

1. e4 c5 2. Nf3 d6 3. d4 cxd4 4. Nxd4 Nf6 5. Nc3 a6 6. Be3 e6 7. f3 h5 8. a4 b6 9. Bc4 Qc7 10. Qe2 Be7 11. 0-0 0-0 12. Kh1 Nc6 13. Rad1 Nb4 14. Bb3 d5 15. exd5 Nbxd5 16. Nxd5 Nxd5 17. Bxd5 exd5 18. Bf4 Qd7 19. Qe5 Bf6 20. Qxh5 g6 21. Qh6 Qxa4 22. Bg5 Bg7 23. Qh4 Re8 24. Bf6 Qc4 25. Bxg7 Kxg7 26. h3 Qc7 27. Qg5 Rh8 28. f4 Rh5 29. Qg3 Bf5 30. Nxf5+ Rxf5 31. Qf3 Qxc2 32. Rxd5 Re8 33. Rxf5 Qxf5 34. Qc3+ Qf6 35. Qc2 b5 36. Kh2 Qd6 37. Qc3+ Qf6 38. Qc2 Qd6 39. Qc3+ Qf6 1/2-1/2

[Event "GER-ch U18"]
[Site "Willingen"]
[Date "2017.06.08"]
[Round "7"]
[White "Kololli, Martin"]
[Black "Urban, Konstantin"]
[Result "1-0"]
[WhiteElo "2238"]
[BlackElo "2377"]
[PlyCount "63"]
[EventDate "2017.06.04"]
[EventType "swiss"]
[EventRounds "9"]
[EventCountry "GER"]
[SourceTitle "CBM 178 Extra"]
[Source "ChessBase"]
[SourceDate "2017.06.22"]
[SourceVersion "1"]
[SourceVersionDate "2017.06.22"]
[SourceQuality "1"]

1. e4 c5 2. c3 d5 3. exd5 Qxd5 4. d4 g6 5. Nf3 Bg7 6. Be3 cxd4 7. cxd4 Nh6 8. Nc3 Qd8 9. Bc4 0-0 10. 0-0 Nf5 11. Re1 Nc6 12. d5 Nxe3 13. Rxe3 Na5 14. Bf1 Bg4 15. h3 Bxf3 16. Qxf3 Rc8 17. Rae1 Bf6 18. Rd1 b6 19. d6 exd6 20. Nb5 Bxb2 21. Nxd6 Rc1 22. Re8 Qc7 23. Rxf8+ Kxf8 24. Qa8+ Ke7 25. Qe8+ Kf6 26. Qf8 Ke6 27. Ne8 Qc5 28. Rd6+ Kf5 29. Qxf7+ Ke4 30. Qe6+ Kf4 31. g3+ Kf3 32. Qe2# 1-0

[Event "GER-ch U18"]
[Site "Willingen"]
[Date "2017.06.06"]
[Round "5"]
[White "Neukirchner, Pascal"]
[Black "Urban, Konstantin"]
[Result "0-1"]
[WhiteElo "2108"]
[BlackElo "2377"]
[PlyCount "82"]
[EventDate "2017.06.04"]
[EventType "swiss"]
[EventRounds "9"]
[EventCountry "GER"]
[SourceTitle "CBM 178 Extra"]
[Source "ChessBase"]
[SourceDate "2017.06.22"]
[SourceVersion "1"]
[SourceVersionDate "2017.06.22"]
[SourceQuality "1"]

1. d4 f5 2. e4 fxe4 3. Nc3 Nf6 4. Bg5 Nc6 5. d5 Ne5 6. Qe2 Nf7 7. h4 c6 8. 0-0-0 cxd5 9. Bxf6 gxf6 10. Nxd5 Bh6+ 11. Kb1 e6 12. Qxe4 0-0 13. Ne3 f5 14. Qf3 Qf6 15. Ng4 Qg7 16. Nxh6+ Nxh6 17. Nh3 d5 18. Be2 Bd7 19. Qh5 Rad8 20. Rd3 Be8 21. Qg5 Qxg5 22. Nxg5 Bd7 23. Re3 Ng4 24. Bxg4 fxg4 25. Rxe6 Rxf2 26. Rd6 Rdf8 27. Rxd5 Rf1+ 28. Rd1 Rxh1 29. Rxh1 Bf5 30. Kc1 h6 31. Nh3 gxh3 32. gxh3 Be4 33. Re1 Rf4 34. h5 Kf7 35. Kd2 Kf6 36. Rg1 Rf3 37. h4 Rf4 38. Ke3 Rxh4 39. c4 Ke5 40. Rg7 Rh3+ 41. Kd2 Rxh5 0-1

[Event "Leipzig VfB op 24th"]
[Site "Leipzig"]
[Date "2017.03.24"]
[Round "6"]
[White "Hoerr, Matthias"]
[Black "Urban, Konstantin"]
[Result "0-1"]
[WhiteElo "2203"]
[BlackElo "2368"]
[PlyCount "114"]
[EventDate "2017.03.21"]
[EventType "swiss"]
[EventRounds "9"]
[EventCountry "GER"]
[SourceTitle "EXT 2018"]
[Source "ChessBase"]
[SourceDate "2017.10.13"]
[SourceVersion "1"]
[SourceVersionDate "2017.10.13"]
[SourceQuality "1"]

1. e4 c5 2. Nc3 d6 3. Nge2 e6 4. d4 cxd4 5. Nxd4 Nf6 6. Be2 a6 7. a4 Nc6 8. 0-0 Qc7 9. Be3 Be7 10. Kh1 0-0 11. f4 Re8 12. Bd3 Bf8 13. Qf3 Nxd4 14. Bxd4 e5 15. Be3 exf4 16. Bxf4 Be6 17. Nd5 Bxd5 18. exd5 Nd7 19. Ra3 Ne5 20. Rc3 Qd7 21. Bxe5 Rxe5 22. Rc4 Rae8 23. Qf2 g6 24. b4 R5e7 25. Rf4 Bh6 26. Rf3 f5 27. b5 a5 28. h4 Re3 29. h5 Rxf3 30. gxf3 Qe7 31. Qg3 Kf7 32. Rg1 Qf6 33. f4 b6 34. Qf2 Re7 35. Kh2 Rc7 36. Rc1 Re7 37. Rg1 Qc3 38. Rg2 Qb4 39. c4 Qe1 40. hxg6+ hxg6 41. Qxe1 Rxe1 42. Rf2 Re3 43. Bf1 Ra3 44. Be2 Rxa4 45. Kg3 Ra3+ 46. Rf3 Rxf3+ 47. Kxf3 a4 48. Bd1 a3 49. Bb3 Ke7 50. Ba2 Bg7 51. Ke3 Bb2 52. Kf3 Bc1 53. Bb1 Kf6 54. Kg3 g5 55. fxg5+ Bxg5 56. Kf3 Ke5 57. Ba2 Kd4 0-1

[Event "Leipzig VfB op 24th"]
[Site "Leipzig"]
[Date "2017.03.23"]
[Round "4"]
[White "Ivanov, Mikhail M"]
[Black "Urban, Konstantin"]
[Result "1-0"]
[WhiteElo "2414"]
[BlackElo "2368"]
[PlyCount "111"]
[EventDate "2017.03.21"]
[EventType "swiss"]
[EventRounds "9"]
[EventCountry "GER"]
[SourceTitle "EXT 2018"]
[Source "ChessBase"]
[SourceDate "2017.10.13"]
[SourceVersion "1"]
[SourceVersionDate "2017.10.13"]
[SourceQuality "1"]

1. Nf3 Nf6 2. c4 g6 3. d4 Bg7 4. g3 0-0 5. Bg2 d6 6. 0-0 c5 7. b3 Nc6 8. Bb2 Bd7 9. Nc3 cxd4 10. Nxd4 Qb6 11. e3 Rfd8 12. h3 Rac8 13. Qd2 a6 14. Rfd1 e6 15. Rac1 d5 16. Na4 Qc7 17. cxd5 Nxd5 18. Nc5 Nxd4 19. Nxe6 Nxe6 20. Rxc7 Ndxc7 21. Bxg7 Kxg7 22. Bxb7 Rb8 23. Bg2 Kg8 24. Qa5 Bb5 25. Rxd8+ Rxd8 26. a4 Be8 27. h4 Rd1+ 28. Kh2 Rc1 29. Qd2 Rc5 30. b4 Rc4 31. Bf1 Rc6 32. b5 axb5 33. axb5 Rb6 34. Qa5 Rxb5 35. Bxb5 Bxb5 36. g4 Bd3 37. Kg3 Na6 38. h5 Nac5 39. h6 f5 40. Qa8+ Nf8 41. f3 fxg4 42. Kxg4 Nce6 43. Qd5 Bc2 44. f4 Kf7 45. Qb7+ Kg8 46. e4 Bd1+ 47. Kg3 Bc2 48. Qd5 Kf7 49. Qb7+ Kg8 50. Kf2 Bd3 51. Ke3 Bc2 52. Qb2 Bxe4 53. Kxe4 Nd7 54. Kd5 Kf7 55. Kd6 Ndc5 56. Qh8 1-0